000 00474nam a22001697a 4500
005 20251108165847.0
008 250721s1990 xx 000 0 ara d
082 1 4 _a392.509565/خري
100 1 _aخريسات، صالح
245 1 0 _aتقاليد الزواج في الأردن /
264 1 _aعمان :
_bالدار العربية،
_c1990.
300 _a263ص
650 1 7 _aعادات الزواج
650 1 7 _aالأردن
942 _2ddc
_cBK
999 _c33210
_d33210